000 00388nam a22001217a 4500
082 _a220 PRO
100 _aSALMAN-UL-HAQ, JAWAD,USMAN, ASAD
_972278
245 _aPR-SOF-1008-ACCELERATING COMPUTE INTENSIVE IMAGE PROCESSING ALGORITHMS ON GPUS
260 _aISLAMABAD
_bNUST COLLEGE OF EME
_c2010
650 _aDE-COMP-28
_972279
700 _aSUPERVISOR DR SHOAB A KHAN
_969958
942 _cCR
999 _c578381
_d578381